Pocahontas and the strangers / (Registro nro. 9147)

Detalles MARC
000 -LEADER
fixed length control field 00921cam a2200301 4500
001 - CONTROL NUMBER
control field 1306592
003 - CONTROL NUMBER IDENTIFIER
control field DO-SdBNP
005 - DATE AND TIME OF LATEST TRANSACTION
control field 20180202143727.0
007 - PHYSICAL DESCRIPTION FIXED FIELD--GENERAL INFORMATION
fixed length control field 1306592
008 - FIXED-LENGTH DATA ELEMENTS--GENERAL INFORMATION
fixed length control field 711217s1971 nyu a j 000 1 eng
010 ## - LIBRARY OF CONGRESS CONTROL NUMBER
LC control number
020 ## - INTERNATIONAL STANDARD BOOK NUMBER
International Standard Book Number
040 ## - CATALOGING SOURCE
Original cataloging agency BPMSU
Transcribing agency spa
Modifying agency BPMSU
042 ## - AUTHENTICATION CODE
Authentication code
050 00 - LIBRARY OF CONGRESS CALL NUMBER
Classification number
Item number
082 00 - DEWEY DECIMAL CLASSIFICATION NUMBER
Classification number
100 1# - MAIN ENTRY--PERSONAL NAME
Personal name Bulla, Clyde Robert.
245 10 - TITLE STATEMENT
Title Pocahontas and the strangers /
Statement of responsibility, etc. Clyde Robert Bulla ; Ilustrated by Peter Burchard.
260 ## - PUBLICATION, DISTRIBUTION, ETC. (IMPRINT)
Place of publication, distribution, etc. New York :
Name of publisher, distributor, etc. Scholastic Book Services,
-- Crowell,
Date of publication, distribution, etc. 1971.
300 ## - PHYSICAL DESCRIPTION
Extent 180 p.;
Other physical details il.,
Dimensions 22 cm.
350 ## - PRICE (NR) (BK AM CF MU VM SE) [OBSOLETE]
Price $3.95
520 ## - SUMMARY, ETC.
Summary, etc. A fictionalized account of the life of Pocahontas woven about the few facts known from historical records.
600 00 - SUBJECT ADDED ENTRY--PERSONAL NAME
Personal name Pocahontas,
Dates associated with a name -1617
General subdivision Juvenile fiction.
700 12 - ADDED ENTRY--PERSONAL NAME
Personal name Burchard, Peter,
Relator term il.
942 ## - ADDED ENTRY ELEMENTS (KOHA)
Source of classification or shelving scheme Dewey Decimal Classification
Koha item type Libros
945 ## - LOCAL PROCESSING INFORMATION (OCLC)
a Inventariado, 2018 /LP
956 ## - LOCAL ELECTRONIC LOCATION AND ACCESS (OCLC)
Access method VMATEO
Materials specified 10
Linkage 20160308
Field link and sequence number BPMSU
Host name 00151
Existencias
Withdrawn status Lost status Source of classification or shelving scheme Damaged status Not for loan Collection code Home library Current library Date acquired Total Checkouts Barcode Date last seen Price effective from Koha item type
    Dewey Decimal Classification     Colección General Biblioteca Pública Metropolitana Salomé Ureña Biblioteca Pública Metropolitana Salomé Ureña 03/08/2016   BPMSU16030009 03/08/2016 03/08/2016 Libros